|
|
|
|
| LEADER |
01883nam a2200517 i 4500 |
| 001 |
nkc20253672655 |
| 003 |
CZ PrNK |
| 005 |
20260526075143.0 |
| 007 |
ta |
| 008 |
250213s2025 xr acf e 000 0acze |
| 015 |
|
|
|a cnb003672655
|
| 020 |
|
|
|a 978-80-88445-29-6
|q (vázáno)
|
| 040 |
|
|
|a BOA001
|b cze
|e rda
|
| 043 |
|
|
|a e-xr---
|
| 045 |
|
|
|a x-y-
|
| 072 |
|
7 |
|a 32
|x Politika
|2 Konspekt
|9 15
|
| 072 |
|
7 |
|a 929
|x Biografie
|2 Konspekt
|9 8
|
| 080 |
|
|
|a 32-055.2
|2 MRF
|
| 080 |
|
|
|a [341.171:328.13+342.51](4)-055.2
|2 MRF
|
| 080 |
|
|
|a 929
|2 MRF
|
| 080 |
|
|
|a (437.3)
|2 MRF
|
| 080 |
|
|
|a (047.53)
|2 MRF
|
| 100 |
1 |
|
|a Jourová, Věra,
|d 1964-
|7 xx0178295
|4 aut
|
| 245 |
1 |
0 |
|a Bohové, mlíkař a já /
|c Věra Jourová, Viktor Daněk
|
| 250 |
|
|
|a Vydání první
|
| 264 |
|
1 |
|a Praha :
|b Zeď,
|c 2025
|
| 300 |
|
|
|a 269 stran, 16 nečíslovaných stran obrazových příloh :
|b ilustrace (převážně barevné), portréty ;
|c 22 cm
|
| 336 |
|
|
|a text
|b txt
|2 rdacontent
|
| 337 |
|
|
|a bez média
|b n
|2 rdamedia
|
| 338 |
|
|
|a svazek
|b nc
|2 rdacarrier
|
| 600 |
1 |
7 |
|a Jourová, Věra,
|d 1964-
|7 xx0178295
|2 czenas
|
| 648 |
|
7 |
|a 20.-21. století
|7 ch462155
|2 czenas
|
| 648 |
|
7 |
|a 21. století
|7 ch460559
|2 czenas
|
| 650 |
0 |
7 |
|a političky
|7 ph216803
|z Česko
|y 20.-21. století
|2 czenas
|
| 650 |
0 |
7 |
|a eurokomisařky
|7 ph1267019
|z Česko
|y 21. století
|2 czenas
|
| 650 |
0 |
9 |
|a women politicians
|z Czechia
|y 20th-21st centuries
|2 eczenas
|
| 650 |
0 |
9 |
|a women European commissioners
|z Czechia
|y 21st century
|2 eczenas
|
| 655 |
|
7 |
|a rozhovory
|7 fd133303
|2 czenas
|
| 655 |
|
9 |
|a interviews
|2 eczenas
|
| 700 |
1 |
|
|a Daněk, Viktor,
|d 1989-
|7 xx0331686
|4 aut
|
| 710 |
2 |
|
|a Nakladatelství Zeď
|7 olak20261289832
|4 pbl
|
| 910 |
2 |
|
|a BOA001
|b 2-1545.070
|
| 990 |
|
|
|a BK
|
| 995 |
|
|
|a 60
|
| 991 |
|
|
|b 202505
|c NOV
|
| 996 |
6 |
|
|b 2611004196
|c 2-1545.070
|l MZK
|r Sklad / do 1 hodiny
|n 0
|p p.v.
|w 002005964
|u 000010
|a 1
|e BOA001
|j MZK50
|s P
|